000 00420nam a22001697a 4500
003 SGT
020 _a9788131267400
082 _a616.12
_bK22S
100 _aSORAJJA, PAUL
245 _aKERN'S CARDIAC CATHETERIZATION HANDBOOK
250 _a7TH
260 _aINDIA
_bELSEVIER PUB
_c2022
300 _a713
650 _aGENERAL MEDICINE
653 _aKERN'S CARDIAC CATHETERIZATION HANDBOOK
942 _2ddc
_cBK
_092
999 _c23769
_d23769